Boys' Names in Top 1000-P (2023) - Statistics

General Stats
  • This quiz has been taken 211 times
  • The average score is 10 of 17
Answer Stats
Answer % Correct
Paul
93%
Peter
93%
Patrick
82%
Philip
80%
Phillip
80%
Parker
72%
Pedro
70%
Pablo
65%
Peyton
60%
Preston
57%
Paxton
51%
Porter
51%
Prince
50%
Phoenix
39%
Pierce
35%
Princeton
30%
Palmer
28%
No matching quizzes found
Score Distribution
Percent of People with Each Score
Percentile by Number Answered
Your Score History
You have not taken this quiz